Dobudovanie diaľničnej siete je podľa ministerstva dopravy reálne až v roku 2020
Výstavba diaľníc na Slovensku od r.1969 (doteraz 198 km). Päť variantov možností rozvoja diaľničnej siete s analýzou jeho financovania spracovaných MDSVP SR, súčasné stavby. Domáce a medzinárodné dopravné vzťahy, európsky ťah Sever-Juh. Možnosti financovania z cestného fondu, pôžičkami z EBOR a EIB,...
Uložené v:
| Hlavný autor: | |
|---|---|
| Médium: | Kapitola |
| Jazyk: | Slovak |
| Predmet: | |
| Tagy: |
Žiadne tagy, Buďte prvý, kto otaguje tento záznam!
|
MARC
| LEADER | 00000naa a2200000 4500 | ||
|---|---|---|---|
| 001 | r023935 | ||
| 005 | 20221205091112.7 | ||
| 041 | 0 | |a slo | |
| 044 | |a SK | ||
| 245 | 1 | 0 | |a Dobudovanie diaľničnej siete je podľa ministerstva dopravy reálne až v roku 2020 |c K. Schellongová |
| 520 | |a Výstavba diaľníc na Slovensku od r.1969 (doteraz 198 km). Päť variantov možností rozvoja diaľničnej siete s analýzou jeho financovania spracovaných MDSVP SR, súčasné stavby. Domáce a medzinárodné dopravné vzťahy, európsky ťah Sever-Juh. Možnosti financovania z cestného fondu, pôžičkami z EBOR a EIB, z vlastných zdrojov. | ||
| 610 | 2 | 0 | |a diaľnice |
| 610 | 2 | 0 | |a Slovensko |
| 610 | 2 | 0 | |a 1969-2020 |
| 610 | 2 | 0 | |a siete cestné |
| 610 | 2 | 0 | |a siete dopravné |
| 610 | 2 | 0 | |a Európa |
| 610 | 2 | 0 | |a Sever-Juh |
| 610 | 2 | 0 | |a financovanie |
| 610 | 2 | 0 | |a pôžičky zahraničné |
| 610 | 2 | 0 | |a Európska banka pre obnovu a rozvoj |
| 610 | 2 | 0 | |a Európska investičná banka |
| 610 | 2 | 0 | |a Štátny fond cestného hospodárstva |
| 100 | 1 | |a Schellongová, K. | |